00651nam a2200181Ia 4500952013300000999001700133003000400150005001700154008004100171040000900212082001800221100003000239245007500269260006200344300000900406650001200415942004200427 00102ddc40708HISTORYaMESbMEScHISd2019-02-20g200.00l0o934.01 POS/Hp16047r2019-02-20 00:00:00w2019-02-20yBKzGL43R3 c19776d19776OSt20200629113251.0190216s9999||||xx |||||||||||||| ||und|| coclc a934.01bPOS/H a Possehl, Gregory L93300 0aHarappan Civilization A Contemporary Perspective /cGregory L Possehl bOxford And Ibh Publishing Co. Pvt Ltd,c1982.aNew Delhi: a440p aHistory cBK2ddch934.01iPOS/Hk934.01mPOS/H